Tváře Jestřebích hor = The faces of Jestřebí hory = Die Gesichter von Jestřebí hory : krajina, stavby a lidé na dobových pohlednicích /
| Hlavní autor: | Veteška, Jaroslav, 1973- |
|---|---|
| Jazyk: | Němčina Čeština Angličtina |
| Vydáno: |
Praha : Ostrov, 2006 |
| Vydání: | 1. vyd. |
| Témata: | |
| Externí odkaz: |
Digitalizovaný dokument
|
| Fyzický popis: |
175 s. : il. (některé barev.), faksim. ; 31 cm |
| Language note: |
Souběžný anglický a německý text a popisky k il. |
| LEADER | 01859nam a2200457 a 4500 | ||
|---|---|---|---|
| 001 | nkc20061657053 | ||
| 003 | CZ PrNK | ||
| 005 | 20061004093045.0 | ||
| 007 | ta | ||
| 008 | 060529s2006 xr ah e 000 0 cze | ||
| 015 | |a cnb001657053 | ||
| 020 | |a 80-86289-49-4 |q (váz.) : |c Kč 249,00 | ||
| 035 | |a (OCoLC)85547807 | ||
| 040 | |a BOA001 |b cze |d ABA001 | ||
| 041 | 1 | |a cze |a eng |a ger |h cze | |
| 043 | |a e-xr--- |b e-xr-cc |2 czenas | ||
| 072 | 7 | |a 913(437) |x Geografie Česka a Slovenska, reálie, cestování |2 Konspekt |9 7 | |
| 080 | |a 655.3.066.32:94 |2 MRF | ||
| 080 | |a 908(437.31-17) |2 MRF | ||
| 080 | |a (084.12) |2 MRF | ||
| 100 | 1 | |a Veteška, Jaroslav, |d 1973- |7 xx0022822 |4 aut | |
| 245 | 1 | 0 | |a Tváře Jestřebích hor = |b The faces of Jestřebí hory = Die Gesichter von Jestřebí hory : krajina, stavby a lidé na dobových pohlednicích / |c Jaroslav Veteška |
| 246 | 3 | 1 | |a Faces of Jestřebí hory |
| 246 | 3 | 1 | |a Gesichter von Jestřebí hory |
| 250 | |a 1. vyd. | ||
| 260 | |a Praha : |b Ostrov, |c 2006 | ||
| 300 | |a 175 s. : |b il. (některé barev.), faksim. ; |c 31 cm | ||
| 504 | |a Obsahuje bibliografii | ||
| 546 | |a Souběžný anglický a německý text a popisky k il. | ||
| 650 | 0 | 7 | |a historické pohlednice |7 ph135160 |z Česko |2 czenas |
| 650 | 0 | 9 | |a historical postcards |z Czechia |2 eczenas |
| 651 | 7 | |a Jestřebí hory (Česko) |7 ge229646 |x vlastivěda |2 czenas | |
| 651 | 9 | |a Jestřebí hory (Czechia) |x history |2 eczenas | |
| 655 | 7 | |a fotografické publikace |7 fd132276 |2 czenas | |
| 655 | 9 | |a photographical works |2 eczenas | |
| 856 | 4 | 1 | |u https://www.digitalniknihovna.cz/mzk/uuid/uuid:a8e1cb60-ced6-11e3-b110-005056827e51 |y Digitalizovaný dokument |x NDK |
| 910 | 2 | |a BOA001 |b 4-1171.284 | |
| 990 | |a BK | ||
| 995 | |a 01 | ||
| 991 | |b 200607 |c NOV | ||
| 996 | 6 | |b 2610285257 |c 4-1171.284 |l MZK |r Sklad / do 1 hodiny |n 1 |p p.v. |w 000820853 |u 000010 |a 1 |e BOA001 |j MZK50 |s P | |
English
Čeština 